Information on natural rubber: A study of its sources, transfer and utilization (Record no. 52954)

MARC details
000 -LEADER
fixed length control field 00461nam a2200121Ia 4500
100 ## - MAIN ENTRY--AUTHOR NAME
Personal name Thomas K.K.
245 #0 - TITLE STATEMENT
Title Information on natural rubber: A study of its sources, transfer and utilization
260 ## - PUBLICATION, DISTRIBUTION, ETC. (IMPRINT)
Name of publisher Dissertation, Postgraduate Diploma in Journalism and Communication, Bharatiya Vidya Bhavan, Kottayam, India, 36 p.
Year of publication 2000
650 ## - SUBJECT ADDED ENTRY--TOPICAL TERM
Topical Term Information dissemination
650 ## - SUBJECT ADDED ENTRY--TOPICAL TERM
Topical Term Natural rubber
942 ## - ADDED ENTRY ELEMENTS (KOHA)
Koha item type Bibliography STAF
Holdings
Withdrawn status Lost status Damaged status Not for loan Home library Current library Date acquired Koha item type
      Bibliography RRII Library RRII Library 09/04/2014 Bibliography STAF